000 00755nam a2200253Ia 4500
003 OSt
005 20220923223411.0
006 a|||||r|||| 00| 0
007 ta
008 220922b |||||||| |||| 00| 0 hin d
024 _a214,826
037 _cTextual
040 _aARTS
_cARTS
_bhin
041 _2hin
_ahin
082 _aO152,3N104,PA, N0
100 _aरांगेय राघव
245 0 _aपापी
246 _aPāpī
260 _aदिल्ली
_b हिन्दी पाकेट बुक्स
300 _a113 पृ.
_ccm.
650 _aहिन्दी साहित्य
_9156264
942 _hO152,3N104,PA, N0
_cTEXL
_2CC
999 _c364740
_d364740